| 000 | 01189nam a2200241Ia 4500 | ||
|---|---|---|---|
| 999 |
_c36349 _d36349 |
||
| 001 | 2261 | ||
| 003 | GE_BSU | ||
| 005 | 20190501155543.0 | ||
| 008 | 181216s||||||||ge |||||||||||||| ||geo|| | ||
| 020 | _a9994026011 | ||
| 040 | _cGE_BSU | ||
| 080 | _a94(479.22)(075.8) ა–87 | ||
| 100 |
_aასათიან, ნოდარ. _9596 |
||
| 245 |
_aსაქართველოს ისტორია : _bუძველესი დროიდან XIX საუკუნემდე : სახელმძღვ. სტუდ. და მასწავლ. / _cნოდარ ასათიანი ; რედ. როინ მეტრეველი. |
||
| 245 | _cრედ.როინ მეტრეველი | ||
| 250 | _aმე-3 გამოცემა. | ||
| 264 |
_aთბილისი : _bსაქართველოს მაცნე, _c2006. |
||
| 300 |
_a391 გვ.: _bილ. ; _c21 სმ. |
||
| 653 | _aისტორია | ||
| 653 | _aსაქართველოს ისტორია | ||
| 700 |
_aმეტრეველი, როინ, _dისტორიკოსი, _eრედაქტორი _9597 |
||
| 942 |
_cBK _2udc |
||